00477 a2200169 450000100060000002000150000604000220002110000220004324000350006524500300010030000070013036200090013765000230014694200070016995201140017699900170029062278 a857683006x cAnchieta - Pituba aAlemany, Cristina10aPara uma garota vencedoralpor10aPara uma garota vencedora a620 a2005 4aLiteratura juvenil cBK 00104070a91.1b91.1d2023-11-21l0oLJ 028.5 A367p ALE PARp15020/PITr2023-11-21 18:30:41w2023-11-21yBK c62278d62278